000 00645cam a22002291 4500
001 sa 66002504
003 DLC
005 20260227112230.0
008 890526s1961 pk bh b 000 0 urdr
010 _asa 66002504
035 _a(OCoLC)19770432
040 _aDLC
_cWaU
_dDLC
050 0 0 _aBP77.69
_b.H3
100 1 _aHamidullah, Muhammad.
245 1 0 _aRasūl-i akram kī siyāsī zindagī.
260 _c[1961]
300 _a324 p.
_bfacsims., maps (1 fold.)
_c24 cm.
500 _aIn Urdu.
500 _aText partially vocalized.
504 _aBibliographical footnotes.
600 0 0 _aMuḥammad,
_cProphet,
_d-632
_xPolitical activity.
999 _c68408
_d68408